| 000 | 00808cam6a220024100 4500 | ||
|---|---|---|---|
| 001 | lce00655856 | ||
| 008 | 710318s1962 enk b 000 0 eng | ||
| 010 | _a 68041132 | ||
| 035 | _a(Sirsi) r112421 | ||
| 035 | _a(DLC) 68041132 | ||
| 035 | _a(UPRA)lce00655856 | ||
| 043 | _ae-uk--- | ||
| 050 | 0 | _aLAW | |
| 100 | 1 |
_aZamir, Itzhak. _6A73764.1 |
|
| 245 | 1 | 4 |
_aThe declaratory judgment _c[by] I. Zamir. |
| 260 |
_aLondon, _bStevens, _c1962. |
||
| 500 | _aBased on the author's thesis, University of London. | ||
| 504 | _aBibliographical footnotes. | ||
| 650 | 0 |
_aJudgments, Declaratory -- Great Britain. _zJudgments, Declaratory -- Great Britain. _6S54982.1 |
|
| 949 |
_aLAW _wlcc _i33729001472641 _mMAIN _p2500 _tBOOK _lON-SHELF |
||
| 949 |
_aLAW _wlcc _i-161137 _mMAIN _tBOOK _lON-SHELF |
||
| 004 | 112421 | ||
| 999 |
_c187838 _d187838 |
||